000 00891nam a2200217 i 4500
001 180570
003 ES-MaACL
005 20250814080957.0
008 120614s1975 sp |||| | spa d
080 _a56:551.7(467.12)(043.2)
100 1 _aCasanovas Cladellas, María Lourdes.
_9150549
245 1 0 _aEstratigrafía y paleontología del yacimiento ludiense de Roc de Santa (Area del Noguera- Pallaresa) /
_cpor María Lourdes Casanovas Cladellas.
260 _aBarcelona :
_bUniversidad de Barcelona, Secretariado de Publicaciones, Intercambio Científico y Extensión Universitaria,
_c1975.
300 _a18 p. con :
_blám., grab. ;
_c24 cm.
502 _aTesis-Universidad Barcelona (Extracto)
650 7 _aPaleontología
_2embne
_915808
710 2 _aUniversidad de Barcelona.
_97141
852 _aES-MaACL
_jE-15362(131)
942 _2udc
999 _c180570
_d180570